[Event "DSJ Weihnachtsturnier U20w 2020"]
[Site "https://play.chessbase.com/en/play?room=DSJWeihnachtU20w"]
[Date "2020.12.29"]
[Round "7"]
[White "Bashylina, Luisa"]
[Black "Ziegenfuß, Antonia"]
[Result "1-0"]
[Termination "normal"]
[Board "1.1"]
[WhiteTitle "WCM"]
[BlackTitle "WFM"]
[WhiteElo "1978"]
[BlackElo "2101"]
[WhiteTeam "Schachgesellschaft Solingen"]
[BlackTeam "OSG Baden-Baden"]
[PlyCount "69"]
[WhiteFideId "12983292"]
[BlackFideId "12962554"]
[EventRounds "7"]
[EventType "team-swiss"]
[EventDate "2020.12.29"]

1. e4 {[%emt 0:00:23]} c5 {[%emt 0:00:02]} 2. Nf3 {[%emt 0:00:04]} Nf6 { [%emt
0:00:01]} 3. e5 {[%emt 0:00:05]} Nd5 {[%emt 0:00:03]} 4. Nc3 {[%emt 0:00: 09]}
Nxc3 {[%emt 0:00:04]} 5. dxc3 {[%emt 0:00:00]} Nc6 {[%emt 0:00:01]} 6. Be3
{[%emt 0:00:05]} e6 {[%emt 0:00:04]} 7. Qd2 {[%emt 0:00:07]} Qc7 {[%emt 0:00:
08]} 8. Bf4 {[%emt 0:00:10]} h6 {[%emt 0:00:17]} 9. h4 {[%emt 0:00:25]} b6 {
[%emt 0:00:07]} 10. O-O-O {[%emt 0:00:03]} Bb7 {[%emt 0:00:03]} 11. Be2 { [%emt
0:00:23]} a6 {[%emt 0:00:03]} 12. g4 {[%emt 0:00:20]} b5 {[%emt 0:00:47]} 13.
g5 {[%emt 0:00:19]} c4 {[%emt 0:00:13]} 14. Rhg1 {[%emt 0:00:09]} Ne7 { [%emt
0:00:20]} 15. Nd4 {[%emt 0:00:41]} Nd5 {[%emt 0:00:11]} 16. Bf3 {[%emt 0:
00:21]} Qa5 {[%emt 0:00:47]} 17. Kb1 {[%emt 0:00:07]} b4 {[%emt 0:00:04]} 18.
Bxd5 {[%emt 0:00:28]} Bxd5 {[%emt 0:00:14]} 19. cxb4 {[%emt 0:00:06]} Bxb4 {
[%emt 0:00:02]} 20. c3 {[%emt 0:00:06]} Be7 {[%emt 0:00:15]} 21. gxh6 {[%emt 0:
00:04]} gxh6 {[%emt 0:00:05]} 22. Bxh6 {[%emt 0:00:03]} Rb8 {[%emt 0:01:00]}
23. Ka1 {[%emt 0:00:25]} Rb3 {[%emt 0:02:20]} 24. Bg5 {[%emt 0:00:58]} Bc5 {
[%emt 0:00:48]} 25. Bf6 {[%emt 0:01:22]} Rf8 {[%emt 0:00:04]} 26. h5 {[%emt 0:
00:24]} d6 {[%emt 0:00:13]} 27. h6 {[%emt 0:00:13]} Kd7 {[%emt 0:00:30]} 28. h7
{[%emt 0:00:08]} Rfb8 {[%emt 0:00:03]} 29. Rb1 {[%emt 0:00:27]} R8b5 {[%emt 0:
00:08]} 30. Nxb5 {[%emt 0:00:12]} Rxb5 {[%emt 0:00:02]} 31. Rbd1 {[%emt 0:00:
23]} Qxa2+ {[%emt 0:00:25]} 32. Kxa2 {[%emt 0:00:04]} Ra5+ {[%emt 0:00:01]} 33.
Kb1 {[%emt 0:00:03]} Be4+ {[%emt 0:00:01]} 34. Qc2 {[%emt 0:00:03]} Bxc2+ {
[%emt 0:00:09]} 35. Kxc2 {[%emt 0:00:00]} 1-0

[Event "DSJ Weihnachtsturnier U20w 2020"]
[Site "https://play.chessbase.com/en/play?room=DSJWeihnachtU20w"]
[Date "2020.12.29"]
[Round "7"]
[White "Ziegenfuß, Larissa"]
[Black "Müdder, Melanie"]
[Result "0-1"]
[Termination "normal"]
[Board "1.2"]
[WhiteElo "1752"]
[BlackElo "1950"]
[WhiteTeam "OSG Baden-Baden"]
[BlackTeam "Schachgesellschaft Solingen"]
[PlyCount "74"]
[WhiteFideId "12974722"]
[BlackFideId "12994103"]
[EventRounds "7"]
[EventType "team-swiss"]
[EventDate "2020.12.29"]

1. e4 {[%emt 0:00:02]} c5 {[%emt 0:00:08]} 2. Nf3 {[%emt 0:00:01]} Nc6 { [%emt
0:00:03]} 3. d4 {[%emt 0:00:01]} cxd4 {[%emt 0:00:01]} 4. Nxd4 {[%emt 0:
00:01]} e5 {[%emt 0:00:03]} 5. Nb5 {[%emt 0:00:01]} d6 {[%emt 0:00:02]} 6. c4 {
[%emt 0:00:01]} Be7 {[%emt 0:00:02]} 7. Bd3 {[%emt 0:00:09]} Be6 {[%emt 0:00:
22]} 8. O-O {[%emt 0:00:05]} Nf6 {[%emt 0:00:03]} 9. N5c3 {[%emt 0:00:01]} O-O
{[%emt 0:00:04]} 10. Be3 {[%emt 0:00:01]} Nd7 {[%emt 0:00:10]} 11. Nd5 { [%emt
0:00:04]} Bg5 {[%emt 0:00:13]} 12. Nbc3 {[%emt 0:00:20]} Bxe3 {[%emt 0: 00:13]}
13. fxe3 {[%emt 0:00:13]} a6 {[%emt 0:00:50]} 14. Qd2 {[%emt 0:00:26]} Ne7
{[%emt 0:00:15]} 15. Rad1 {[%emt 0:00:04]} Bxd5 {[%emt 0:00:09]} 16. exd5 {
[%emt 0:00:05]} f5 {[%emt 0:00:11]} 17. e4 {[%emt 0:00:20]} f4 {[%emt 0:00:07]}
18. Rf3 {[%emt 0:00:15]} g5 {[%emt 0:00:08]} 19. h3 {[%emt 0:00:13]} h5 { [%emt
0:00:06]} 20. Rff1 {[%emt 0:00:19]} g4 {[%emt 0:00:06]} 21. Qe2 {[%emt 0:
00:32]} Nf6 {[%emt 0:00:11]} 22. Kh2 {[%emt 0:00:22]} Ng6 {[%emt 0:00:25]} 23.
b4 {[%emt 0:00:43]} Nh4 {[%emt 0:00:17]} 24. Qe1 {[%emt 0:00:26]} g3+ {[%emt 0:
00:09]} 25. Kh1 {[%emt 0:00:06]} Nh7 {[%emt 0:01:15]} 26. Be2 {[%emt 0:01:00]}
Qg5 {[%emt 0:00:05]} 27. Bf3 {[%emt 0:00:12]} Qg6 {[%emt 0:00:58]} 28. Qe2 {
[%emt 0:00:23]} Nxf3 {[%emt 0:00:03]} 29. Rxf3 {[%emt 0:00:19]} Ng5 {[%emt 0:
00:08]} 30. c5 {[%emt 0:00:22]} Nxf3 {[%emt 0:00:08]} 31. Qxf3 {[%emt 0:00:03]}
a5 {[%emt 0:00:20]} 32. Nb5 {[%emt 0:00:38]} axb4 {[%emt 0:00:11]} 33. Nxd6 {
[%emt 0:00:15]} Rxa2 {[%emt 0:00:09]} 34. Nxb7 {[%emt 0:00:22]} Rf2 {[%emt 0:
00:24]} 35. Qb3 {[%emt 0:00:15]} Qxe4 {[%emt 0:00:15]} 36. Rg1 {[%emt 0:00:22]}
f3 {[%emt 0:00:17]} 37. gxf3 {[%emt 0:00:58]} Rh2# {[%emt 0:00:07]} 0-1

[Event "DSJ Weihnachtsturnier U20w 2020"]
[Site "https://play.chessbase.com/en/play?room=DSJWeihnachtU20w"]
[Date "2020.12.29"]
[Round "7"]
[White "Butenandt, Svenja"]
[Black "Visvikis, Kassandra"]
[Result "0-1"]
[Termination "normal"]
[Board "1.3"]
[WhiteElo "2014"]
[BlackElo "1610"]
[WhiteTeam "Schachgesellschaft Solingen"]
[BlackTeam "OSG Baden-Baden"]
[PlyCount "52"]
[WhiteFideId "12993859"]
[BlackFideId "36052167"]
[EventRounds "7"]
[EventType "team-swiss"]
[EventDate "2020.12.29"]

1. d4 {[%emt 0:00:01]} d5 {[%emt 0:00:19]} 2. c4 {[%emt 0:00:03]} e6 {[%emt 0:
00:06]} 3. Nc3 {[%emt 0:00:02]} Nf6 {[%emt 0:00:05]} 4. cxd5 {[%emt 0:00:03]}
Nxd5 {[%emt 0:00:06]} 5. e4 {[%emt 0:00:03]} Nxc3 {[%emt 0:00:13]} 6. bxc3 {
[%emt 0:00:00]} c5 {[%emt 0:00:04]} 7. a3 {[%emt 0:00:02]} Be7 {[%emt 0:00:05]}
8. Nf3 {[%emt 0:00:05]} O-O {[%emt 0:00:18]} 9. Bd3 {[%emt 0:00:04]} Nc6 {
[%emt 0:00:14]} 10. O-O {[%emt 0:00:21]} cxd4 {[%emt 0:00:21]} 11. e5 {[%emt 0:
00:35]} dxc3 {[%emt 0:00:05]} 12. Re1 {[%emt 0:00:12]} b6 {[%emt 0:00:27]} 13.
Re4 {[%emt 0:00:21]} Ba6 {[%emt 0:00:49]} 14. Nd4 {[%emt 0:01:02]} Bxd3 { [%emt
0:01:09]} 15. Nxc6 {[%emt 0:00:12]} c2 {[%emt 0:00:10]} 16. Nxe7+ { [%emt
0:00:19]} Kh8 {[%emt 0:00:49]} 17. Qg4 {[%emt 0:00:35]} Bxe4 {[%emt 0:00: 14]}
18. Bg5 {[%emt 0:00:10]} Qd4 {[%emt 0:00:09]} 19. Re1 {[%emt 0:00:13]} Rac8
{[%emt 0:00:21]} 20. Nxc8 {[%emt 0:00:06]} Rxc8 {[%emt 0:00:05]} 21. Bc1 {
[%emt 0:01:18]} Rc4 {[%emt 0:00:08]} 22. Qh4 {[%emt 0:00:28]} Bg6 {[%emt 0:00:
32]} 23. Qe7 {[%emt 0:00:11]} h6 {[%emt 0:00:09]} 24. Qd6 {[%emt 0:01:29]} Qxd6
{[%emt 0:00:14]} 25. exd6 {[%emt 0:00:01]} Rd4 {[%emt 0:00:01]} 26. Bf4 { [%emt
0:00:07]} Rxf4 {[%emt 0:00:10]} 0-1

[Event "DSJ Weihnachtsturnier U20w 2020"]
[Site "https://play.chessbase.com/en/play?room=DSJWeihnachtU20w"]
[Date "2020.12.29"]
[Round "7"]
[White "Nanthivarman, Merymuthu"]
[Black "Sereda, Yaroslava"]
[Result "0-1"]
[Termination "time forfeit"]
[Board "1.4"]
[WhiteElo "1215"]
[BlackElo "1750"]
[WhiteTeam "OSG Baden-Baden"]
[BlackTeam "Schachgesellschaft Solingen"]
[PlyCount "64"]
[WhiteFideId "16255755"]
[BlackFideId "14178940"]
[EventRounds "7"]
[EventType "team-swiss"]
[EventDate "2020.12.29"]

1. e4 {[%emt 0:00:05]} c5 {[%emt 0:00:02]} 2. Nf3 {[%emt 0:00:04]} Nc6 { [%emt
0:00:02]} 3. g3 {[%emt 0:00:03]} g6 {[%emt 0:00:04]} 4. Bg2 {[%emt 0:00: 02]}
Bg7 {[%emt 0:00:02]} 5. O-O {[%emt 0:00:02]} e6 {[%emt 0:00:08]} 6. Nc3 { [%emt
0:00:03]} Nge7 {[%emt 0:00:04]} 7. d3 {[%emt 0:00:07]} O-O {[%emt 0:00: 11]} 8.
Be3 {[%emt 0:00:07]} b6 {[%emt 0:00:05]} 9. Qd2 {[%emt 0:00:21]} d5 { [%emt
0:00:35]} 10. Rfe1 {[%emt 0:00:20]} d4 {[%emt 0:00:04]} 11. Bf4 {[%emt 0:
00:29]} dxc3 {[%emt 0:00:05]} 12. bxc3 {[%emt 0:00:03] Soling2-004 reconnected.
Soling2-004 reconnected. Soling2-004 reconnected.} Bb7 {[%emt 0:03:43]} 13. a4
{[%emt 0:02:29]} Rc8 {[%emt 0:00:39] Soling2-004 reconnected.} 14. Ra2 { [%emt
0:01:04]} Na5 {[%emt 0:00:07]} 15. d4 {[%emt 0:00:35]} cxd4 {[%emt 0:00: 21]}
16. cxd4 {[%emt 0:00:07]} Nc4 {[%emt 0:00:10]} 17. Qd1 {[%emt 0:00:55]} Nc6
{[%emt 0:00:16]} 18. a5 {[%emt 0:00:50]} N6xa5 {[%emt 0:00:21]} 19. Be5 { [%emt
0:00:12]} Nxe5 {[%emt 0:00:04]} 20. Nxe5 {[%emt 0:00:02]} Nc4 {[%emt 0: 00:13]}
21. Nf3 {[%emt 0:00:36]} Na5 {[%emt 0:01:02]} 22. e5 {[%emt 0:00:12]} Qc7
{[%emt 0:00:11]} 23. Qd3 {[%emt 0:00:24]} Bd5 {[%emt 0:00:07]} 24. Raa1 { [%emt
0:00:30]} Qxc2 {[%emt 0:00:25]} 25. Qxc2 {[%emt 0:00:22]} Rxc2 {[%emt 0:
00:02]} 26. Red1 {[%emt 0:00:01]} Rc3 {[%emt 0:00:09]} 27. Rac1 {[%emt 0:00:06]
} Bxf3 {[%emt 0:00:04]} 28. Bxf3 {[%emt 0:00:24]} Rxf3 {[%emt 0:00:02]} 29. Rc7
{[%emt 0:00:05]} Nb3 {[%emt 0:00:32]} 30. Rxa7 {[%emt 0:00:04]} Rc8 {[%emt 0:
00:02]} 31. Rb7 {[%emt 0:00:05]} Rc2 {[%emt 0:00:05]} 32. Rxb6 {[%emt 0:00:12]}
Na5 {[%emt 0:00:30] TimeW} 0-1

[Event "DSJ Weihnachtsturnier U20w 2020"]
[Site "https://play.chessbase.com/en/play?room=DSJWeihnachtU20w"]
[Date "2020.12.29"]
[Round "7"]
[White "Ciolacu, Alessia-Mihaela"]
[Black "Ley, Sabrina"]
[Result "1-0"]
[Termination "normal"]
[Board "2.1"]
[WhiteTitle "WFM"]
[WhiteElo "2052"]
[BlackElo "1866"]
[WhiteTeam "Schachverein Hemer 1932"]
[BlackTeam "SC Landskrone"]
[PlyCount "93"]
[WhiteFideId "1252640"]
[BlackFideId "12938130"]
[EventRounds "7"]
[EventType "team-swiss"]
[EventDate "2020.12.29"]

1. d4 {[%emt 0:00:04]} d5 {[%emt 0:00:03]} 2. c4 {[%emt 0:00:01]} dxc4 { [%emt
0:00:01]} 3. e4 {[%emt 0:00:02]} Nf6 {[%emt 0:00:02]} 4. e5 {[%emt 0:00: 04]}
Nd5 {[%emt 0:00:02]} 5. Bxc4 {[%emt 0:00:02]} Nb6 {[%emt 0:00:12]} 6. Bd3
{[%emt 0:00:24]} Nc6 {[%emt 0:00:05]} 7. Be3 {[%emt 0:00:07]} Nb4 {[%emt 0:00:
16]} 8. Be4 {[%emt 0:00:27]} N4d5 {[%emt 0:00:09]} 9. Nc3 {[%emt 0:00:04]} Be6
{[%emt 0:00:11]} 10. Nf3 {[%emt 0:00:22]} Nxc3 {[%emt 0:00:29]} 11. bxc3 {
[%emt 0:00:01]} Bd5 {[%emt 0:00:02]} 12. Bd3 {[%emt 0:00:05]} e6 {[%emt 0:00:
34]} 13. O-O {[%emt 0:00:02]} Be7 {[%emt 0:00:06]} 14. Qc2 {[%emt 0:00:16]} Rc8
{[%emt 0:00:36]} 15. c4 {[%emt 0:00:25]} Bxf3 {[%emt 0:00:12]} 16. gxf3 { [%emt
0:00:01]} c5 {[%emt 0:00:02]} 17. d5 {[%emt 0:00:38]} exd5 {[%emt 0:00: 04]}
18. Bf5 {[%emt 0:00:08]} Rc6 {[%emt 0:00:14]} 19. cxd5 {[%emt 0:00:20]} Qxd5
{[%emt 0:00:09]} 20. Be4 {[%emt 0:00:19]} Rg6+ {[%emt 0:00:14]} 21. Bxg6 {
[%emt 0:00:10]} hxg6 {[%emt 0:00:04]} 22. Qe4 {[%emt 0:00:09]} Qd7 {[%emt 0:00:
29]} 23. e6 {[%emt 0:00:11]} Qxe6 {[%emt 0:00:19]} 24. Qxb7 {[%emt 0:00:34]}
Bd6 {[%emt 0:00:29]} 25. Qc6+ {[%emt 0:00:30]} Nd7 {[%emt 0:02:02]} 26. Qc8+ {
[%emt 0:00:11]} Ke7 {[%emt 0:00:07]} 27. Qxh8 {[%emt 0:00:04]} Ne5 {[%emt 0:00:
05]} 28. Bg5+ {[%emt 0:00:39]} Kd7 {[%emt 0:00:09]} 29. Qd8+ {[%emt 0:00:02]}
Kc6 {[%emt 0:00:08]} 30. Qa8+ {[%emt 0:00:10]} Kd7 {[%emt 0:00:05]} 31. Rab1 {
[%emt 0:00:10]} Qf5 {[%emt 0:00:19]} 32. Rb7+ {[%emt 0:00:25]} Ke6 {[%emt 0:00:
12]} 33. Qc8+ {[%emt 0:00:11]} Kd5 {[%emt 0:00:04]} 34. Rd1+ {[%emt 0:00:09]}
Kc4 {[%emt 0:00:03]} 35. Qxf5 {[%emt 0:00:21]} gxf5 {[%emt 0:00:03]} 36. Rxd6 {
[%emt 0:00:05]} Nxf3+ {[%emt 0:00:01]} 37. Kg2 {[%emt 0:00:01]} Nxg5 {[%emt 0:
00:01]} 38. Rc6 {[%emt 0:00:14]} Kd5 {[%emt 0:00:08]} 39. Rbc7 {[%emt 0:00:02]}
Ne6 {[%emt 0:00:08]} 40. Rc8 {[%emt 0:00:19]} Kd4 {[%emt 0:00:18]} 41. Rd6+ {
[%emt 0:00:11]} Kc4 {[%emt 0:00:14]} 42. Ra6 {[%emt 0:00:04]} Kb4 {[%emt 0:00:
08]} 43. Rxa7 {[%emt 0:00:14]} c4 {[%emt 0:00:12]} 44. Rb7+ {[%emt 0:00:03]}
Kc3 {[%emt 0:00:05]} 45. Rxf7 {[%emt 0:00:11]} Kd3 {[%emt 0:00:20]} 46. Rxf5 {
[%emt 0:00:05]} c3 {[%emt 0:00:02]} 47. Rf3+ {[%emt 0:00:01]} 1-0

[Event "DSJ Weihnachtsturnier U20w 2020"]
[Site "https://play.chessbase.com/en/play?room=DSJWeihnachtU20w"]
[Date "2020.12.29"]
[Round "7"]
[White "Kalina, Lena"]
[Black "Ricken, Katharina"]
[Result "0-1"]
[Termination "normal"]
[Board "2.2"]
[BlackTitle "WCM"]
[WhiteElo "1585"]
[BlackElo "2030"]
[WhiteTeam "SC Landskrone"]
[BlackTeam "Schachverein Hemer 1932"]
[PlyCount "106"]
[WhiteFideId "12988014"]
[BlackFideId "16207017"]
[EventRounds "7"]
[EventType "team-swiss"]
[EventDate "2020.12.29"]

1. d4 {[%emt 0:00:04]} e6 {[%emt 0:00:01]} 2. c4 {[%emt 0:00:04]} Bb4+ { [%emt
0:00:02]} 3. Bd2 {[%emt 0:00:07]} Qe7 {[%emt 0:00:01]} 4. Nf3 {[%emt 0: 00:07]}
Nf6 {[%emt 0:00:04]} 5. e3 {[%emt 0:00:03]} O-O {[%emt 0:00:02]} 6. Bd3 {[%emt
0:00:10]} Bxd2+ {[%emt 0:00:02]} 7. Qxd2 {[%emt 0:00:04]} d6 {[%emt 0: 00:00]}
8. Nc3 {[%emt 0:00:05]} e5 {[%emt 0:00:03]} 9. Qc2 {[%emt 0:00:25]} Nc6 {[%emt
0:00:11]} 10. O-O {[%emt 0:00:09]} Nb4 {[%emt 0:00:07]} 11. Qd2 { [%emt
0:00:51]} Nxd3 {[%emt 0:00:10]} 12. Nd5 {[%emt 0:00:30]} Nxd5 {[%emt 0: 00:06]}
13. cxd5 {[%emt 0:00:04]} e4 {[%emt 0:00:02]} 14. Ne1 {[%emt 0:00:22]} Nxe1
{[%emt 0:00:11]} 15. Rfxe1 {[%emt 0:00:03]} Bd7 {[%emt 0:00:13]} 16. Rac1
{[%emt 0:00:08]} Rac8 {[%emt 0:00:10]} 17. Qa5 {[%emt 0:00:10]} Qg5 {[%emt 0:
00:20]} 18. Kh1 {[%emt 0:00:35]} Qh4 {[%emt 0:00:33]} 19. Rf1 {[%emt 0:01:08]}
b6 {[%emt 0:00:14]} 20. Qd2 {[%emt 0:00:17]} f5 {[%emt 0:00:28]} 21. f3 { [%emt
0:00:25]} Bb5 {[%emt 0:00:22]} 22. Rf2 {[%emt 0:00:10]} Rf6 {[%emt 0:00: 15]}
23. g3 {[%emt 0:00:37]} Qh5 {[%emt 0:00:10]} 24. fxe4 {[%emt 0:00:14]} fxe4
{[%emt 0:00:00]} 25. Rxf6 {[%emt 0:00:08]} gxf6 {[%emt 0:00:00]} 26. Qf2 {
[%emt 0:00:08]} Kg7 {[%emt 0:00:12]} 27. Qf4 {[%emt 0:00:22]} Qg6 {[%emt 0:00:
17]} 28. b4 {[%emt 0:00:35]} Be2 {[%emt 0:00:24]} 29. Rc2 {[%emt 0:00:13]} Bf3+
{[%emt 0:00:04]} 30. Kg1 {[%emt 0:00:04]} Qh6 {[%emt 0:00:12]} 31. Qxh6+ {
[%emt 0:00:22]} Kxh6 {[%emt 0:00:00]} 32. Kf2 {[%emt 0:00:09]} Kg5 {[%emt 0:00:
08]} 33. h3 {[%emt 0:00:09]} f5 {[%emt 0:00:19]} 34. a3 {[%emt 0:00:15]} Kf6 {
[%emt 0:00:30]} 35. Rc1 {[%emt 0:00:09]} Ke7 {[%emt 0:00:18]} 36. h4 {[%emt 0:
00:36]} Kd7 {[%emt 0:00:05]} 37. Rc3 {[%emt 0:00:08]} c6 {[%emt 0:00:11]} 38.
dxc6+ {[%emt 0:00:17]} Rxc6 {[%emt 0:00:00]} 39. Rb3 {[%emt 0:00:16]} Rc2+ {
[%emt 0:00:06]} 40. Kf1 {[%emt 0:00:10]} Kc6 {[%emt 0:00:02]} 41. Rb1 {[%emt 0:
00:18]} Kb5 {[%emt 0:00:07]} 42. Ke1 {[%emt 0:00:08]} Ka4 {[%emt 0:00:03]} 43.
Ra1 {[%emt 0:00:03]} Re2+ {[%emt 0:00:03]} 44. Kf1 {[%emt 0:00:02]} Rxe3 {
[%emt 0:00:00]} 45. Kf2 {[%emt 0:00:03]} Rxa3 {[%emt 0:00:01]} 46. Rc1 { [%emt
0:00:00]} Ra2+ {[%emt 0:00:04]} 47. Ke3 {[%emt 0:00:02]} Kxb4 {[%emt 0: 00:06]}
48. Kf4 {[%emt 0:00:02]} a5 {[%emt 0:00:08]} 49. Kxf5 {[%emt 0:00:02]} e3
{[%emt 0:00:01]} 50. Kf4 {[%emt 0:00:03]} Bd5 {[%emt 0:00:11]} 51. Kxe3 { [%emt
0:00:02]} a4 {[%emt 0:00:01]} 52. Kf4 {[%emt 0:00:03]} a3 {[%emt 0:00:02] } 53.
g4 {[%emt 0:00:05] .} Rb2 {[%emt 0:00:03] Zeit} 0-1

[Event "DSJ Weihnachtsturnier U20w 2020"]
[Site "https://play.chessbase.com/en/play?room=DSJWeihnachtU20w"]
[Date "2020.12.29"]
[Round "7"]
[White "Becker, Linda"]
[Black "Müller, Riyanna"]
[Result "1-0"]
[Termination "normal"]
[Board "2.3"]
[WhiteElo "1763"]
[BlackElo "1364"]
[WhiteTeam "Schachverein Hemer 1932"]
[BlackTeam "SC Landskrone"]
[PlyCount "51"]
[WhiteFideId "16244753"]
[BlackFideId "16287401"]
[EventRounds "7"]
[EventType "team-swiss"]
[EventDate "2020.12.29"]

1. e4 {[%emt 0:00:04]} e5 {[%emt 0:00:02]} 2. Nf3 {[%emt 0:00:02]} Nc6 { [%emt
0:00:03]} 3. d4 {[%emt 0:00:01]} exd4 {[%emt 0:00:02]} 4. Nxd4 {[%emt 0:
00:01]} Bc5 {[%emt 0:00:04]} 5. Nb3 {[%emt 0:00:02]} Bb6 {[%emt 0:00:02]} 6.
Nc3 {[%emt 0:00:02]} Nf6 {[%emt 0:00:03]} 7. Qe2 {[%emt 0:00:12]} d6 {[%emt 0:
00:06]} 8. Be3 {[%emt 0:00:02]} O-O {[%emt 0:00:09]} 9. O-O-O {[%emt 0:00:02]}
Re8 {[%emt 0:00:05]} 10. f3 {[%emt 0:00:03]} Qe7 {[%emt 0:00:14]} 11. g4 {
[%emt 0:00:11]} Bxe3+ {[%emt 0:00:04]} 12. Qxe3 {[%emt 0:00:03]} a6 {[%emt 0:
00:02]} 13. h4 {[%emt 0:00:04]} Nd7 {[%emt 0:00:13]} 14. h5 {[%emt 0:00:10]} h6
{[%emt 0:00:05]} 15. Kb1 {[%emt 0:00:08]} Nde5 {[%emt 0:00:05]} 16. Rg1 { [%emt
0:00:12]} b5 {[%emt 0:00:09]} 17. g5 {[%emt 0:00:06]} hxg5 {[%emt 0:00: 06]}
18. Rxg5 {[%emt 0:00:05]} b4 {[%emt 0:00:27]} 19. Nd5 {[%emt 0:00:05]} Qd8
{[%emt 0:00:14]} 20. f4 {[%emt 0:00:08]} Nd7 {[%emt 0:00:04]} 21. Qg3 {[%emt 0:
00:08]} Kf8 {[%emt 0:00:46]} 22. Rxg7 {[%emt 0:00:20]} Nf6 {[%emt 0:00:20]} 23.
h6 {[%emt 0:00:28]} Nxd5 {[%emt 0:00:17]} 24. Rxf7+ {[%emt 0:00:45]} Kxf7 {
[%emt 0:00:06]} 25. Qg7+ {[%emt 0:00:02]} Ke6 {[%emt 0:00:02]} 26. Bh3# { [%emt
0:00:03]} 1-0